000 02663nam0a2200433 4500
001 RU\NLR\BIBL_A\016336034
005 20230602114535.0
010 _a978-5-9652-0804-3
_927
021 _aRU
_bКН-П-23-012248
_9КН-П-23-1208
035 _a(NLR Aleph) 016336034
035 _a(RuMoRGB)011615545
090 _a13076240
_c13076240
100 _a20230406d2022 u y0rusy50 ca
101 0 _arus
102 _aRU
105 _aa|||j||||||z|
181 1 _ai3
_baxxe
182 1 _an
200 1 _aДиагностика суставного синдрома
_eучебное пособие
_eдля студентов V, VI курсов лечебного, педиатрического факультетов, [обучающихся по специальности "Лечебное дело", "Педиатрия"]
_fЛ. Н. Шилова, М. В. Левкина, Е. Г. Черкесова, М. В. Королева
_gФедеральное государственное бюджетное образовательное учреждение высшего образования "Волгоградский государственный медицинский университет" Министерства здравоохранения Российской Федерации
203 _aТекст
_bвизуальный
_cнепосредственный
205 _a2-е изд., перераб. и доп.
210 _aВолгоград
_cИзд-во ВолгГМУ
_d2022
215 _a61, [1] с.
_cил., табл.
_d20
300 _aАвт. указаны в макете
320 _aБиблиогр.: с. 60-62
606 1 _aСуставы
_jУчебные издания для высших учебных заведений
_xБолезни
_xДифференциальная диагностика
_91789666
_3RU\NLR\AUTH\661099412
675 _a616.72-07(075.8)
_v4
686 1 _aР418.12-48я73
701 1 _aШилова
_bЛ. Н.
_gЛюдмила Николаевна
701 1 _aЛевкина
_bМ. В.
_gМарина Васильевна
701 1 _aЧеркесова
_bЕ. Г.
_gЕлена Григорьевна
701 1 _7ca
_8rus
_aКоролева
_bМ. В.
_cд-р мед. наук, фармакология
_f1980-
_gМарина Владимировна
_9217594
_3RU\NLR\AUTH\770217650
712 0 2 _4475
_aВолгоградский государственный медицинский университет
_9625337
_3RU\NLR\AUTH\8810061921
942 _cBOOK
980 _aNB